Divine New York: inside the historic churches and synagogues of Manhattan
"Photographs of the interiors of New York City's churches and synagogues"--
| Main Author: | |
|---|---|
| Contributors: | |
| Format: | Print Image |
| Language: | English |
| Subito Delivery Service: | Order now. |
| Check availability: | HBZ Gateway |
| WorldCat: | WorldCat |
| Interlibrary Loan: | Interlibrary Loan for the Fachinformationsdienste (Specialized Information Services in Germany) |
| Published: |
New York London
Abbeville Press Publishers
[2022]
|
| In: | Year: 2022 |
| Edition: | First edition |
| Standardized Subjects / Keyword chains: | B
Horowitz, Michael 1950-2024
/ Architectural photography
/ Church (Motif)
/ Synagogue (Motif)
/ New York, NY
|
| Further subjects: | B
Synagogue architecture (New York (State)) (New York) Pictorial works
B Illustrated book B Interior architecture (New York (State)) (New York) Pictorial works B Church Architecture (New York (State)) (New York) Pictorial works B Manhattan (New York, N.Y.) Buildings, structures, etc Pictorial works B New York (N.Y.) Buildings, structures, etc Pictorial works |
| Online Access: |
Table of Contents Table of Contents |
MARC
| LEADER | 00000cam a2200000 c 4500 | ||
|---|---|---|---|
| 001 | 1810891183 | ||
| 003 | DE-627 | ||
| 005 | 20251226203256.0 | ||
| 007 | tu | ||
| 008 | 220523s2022 xxu||||| 00| ||eng c | ||
| 010 | |a 2022024492 | ||
| 020 | |a 9780789214454 |c hardcover |9 978-0-7892-1445-4 | ||
| 035 | |a (DE-627)1810891183 | ||
| 035 | |a (DE-599)KXP1810891183 | ||
| 035 | |a (OCoLC)1395131614 | ||
| 040 | |a DE-627 |b ger |c DE-627 |e rda | ||
| 041 | |a eng | ||
| 044 | |c XD-US |c XA-GB | ||
| 050 | 0 | |a NA5235.N6 | |
| 082 | 0 | |a 726.09747/1 |q DLC |2 23/eng/20220712 | |
| 084 | |a KUNST |q DE-14 |2 fid | ||
| 084 | |a KUNST |q DE-16 |2 fid | ||
| 084 | |a 0 |2 ssgn | ||
| 084 | |a LO 95250 |q DE-14/sred |2 rvk |0 (DE-625)rvk/105722: | ||
| 084 | |a AP 94100 |q DE-14/sred |2 rvk |0 (DE-625)rvk/8146: | ||
| 084 | |a 56.88 |2 bkl | ||
| 084 | |a 21.70 |2 bkl | ||
| 100 | 1 | |8 1\p |e VerfasserIn |0 (DE-588)1326325531 |0 (DE-627)1885931409 |4 aut |a Hartman, Elizabeth Anne | |
| 109 | |a Hartman, Elizabeth Anne | ||
| 245 | 1 | 0 | |a Divine New York |b inside the historic churches and synagogues of Manhattan |c photographs by Michael L. Horowitz ; text by Elizabeth Anne Hartman |
| 250 | |a First edition | ||
| 264 | 1 | |a New York |a London |b Abbeville Press Publishers |c [2022] | |
| 300 | |a 303 Seiten | ||
| 336 | |a Text |b txt |2 rdacontent | ||
| 336 | |a unbewegtes Bild |b sti |2 rdacontent | ||
| 337 | |a ohne Hilfsmittel zu benutzen |b n |2 rdamedia | ||
| 338 | |a Band |b nc |2 rdacarrier | ||
| 500 | |a Literaturverzeichnis: Seite 297 | ||
| 520 | |a "Photographs of the interiors of New York City's churches and synagogues"-- | ||
| 583 | 1 | |a Archivierung/Langzeitarchivierung gewährleistet |f FID |x XA-DE-BW |2 pdager |5 DE-16 | |
| 601 | |a Manhattan | ||
| 650 | 0 | |a Church Architecture |z New York (State) |z New York |v Pictorial works | |
| 650 | 0 | |a Synagogue architecture |z New York (State) |z New York |v Pictorial works | |
| 650 | 0 | |a Interior architecture |z New York (State) |z New York |v Pictorial works | |
| 651 | 0 | |a Manhattan (New York, N.Y.) |x Buildings, structures, etc |v Pictorial works | |
| 651 | 0 | |a New York (N.Y.) |x Buildings, structures, etc |v Pictorial works | |
| 655 | 7 | |a Bildband |0 (DE-588)4145395-5 |0 (DE-627)104450835 |0 (DE-576)209741139 |2 gnd-content | |
| 689 | 0 | 0 | |d p |0 (DE-588)122982991 |0 (DE-627)082275297 |0 (DE-576)161489958 |2 gnd |a Horowitz, Michael |d 1950-2024 |
| 689 | 0 | 1 | |d s |0 (DE-588)4002855-0 |0 (DE-627)106391801 |0 (DE-576)208848983 |2 gnd |a Architekturfotografie |
| 689 | 0 | 2 | |d s |0 (DE-588)4120565-0 |0 (DE-627)105775614 |0 (DE-576)209536179 |2 gnd |a Kirche |g Motiv |
| 689 | 0 | 3 | |d s |0 (DE-588)7708186-9 |0 (DE-627)63119617X |0 (DE-576)325715947 |2 gnd |a Synagoge |g Motiv |
| 689 | 0 | 4 | |d g |0 (DE-588)4042011-5 |0 (DE-627)106216457 |0 (DE-576)209048166 |2 gnd |a New York, NY |
| 689 | 0 | |5 (DE-627) | |
| 700 | 1 | |e FotografIn |0 (DE-588)1304894940 |0 (DE-627)1860686176 |4 pht |a Horowitz, Michael L. |d 1952- | |
| 856 | 4 | 2 | |u https://swbplus.bsz-bw.de/bsz1810891183inh.htm |m V:DE-576 |m B:DE-16 |v 20230908193042 |3 Inhaltsverzeichnis |7 1 |
| 856 | 4 | 2 | |u https://www.gbv.de/dms/tib-ub-hannover/1810891183.pdf |m V:DE-601 |m B:DE-89 |q pdf/application |v 2024-02-10 |3 Inhaltsverzeichnis |7 1 |
| 883 | |8 1\p |a cgwrk |d 20241001 |q DE-101 |u https://d-nb.info/provenance/plan#cgwrk | ||
| 936 | r | v | |a LO 95250 |b New York (NY) |k Kunstgeschichte |k Kunst nach Ländern bzw. Kontinenten |k Amerika |k Kunstgeschichte der USA |k Kunsttopografie |k Orte der USA |k New York (NY) |0 (DE-627)1270701436 |0 (DE-625)rvk/105722: |0 (DE-576)200701436 |
| 936 | r | v | |a AP 94100 |b Biografien, Memoiren, Tagebücher, Briefe, Bildbände einzelner Fotografen |k Allgemeines |k Medien- und Kommunikationswissenschaften, Medienkulturwissenschaft, Kommunikationsdesign |k Fotografie |k Biografie, Geschichte |k Biografien, Memoiren, Tagebücher, Briefe, Bildbände einzelner Fotografen |0 (DE-627)127063609X |0 (DE-625)rvk/8146: |0 (DE-576)20063609X |
| 936 | b | k | |a 56.88 |j Sakralbau |x Architektur |0 (DE-627)106421204 |
| 936 | b | k | |a 21.70 |j Geschichte der Sakralbaukunst |0 (DE-627)106421255 |
| 951 | |a BO | ||
| ELC | |b 1 | ||
| ORI | |a SA-MARC-ixtheo_oa001.raw | ||
| REL | |a 1 | ||
| STA | 0 | 0 | |a Architectural photography |
| STB | 0 | 0 | |a Photographie d'architecture |
| STC | 0 | 0 | |a Arquitectura |
| STD | 0 | 0 | |a Fotografia architettonica,Fotografia d'architettura,Fotografia d'architettura |
| STF | 0 | 0 | |a 建筑摄影 |
| STG | 0 | 0 | |a Arquitetura |
| STH | 0 | 0 | |a Фотосъёмка архитектуры |
| STI | 0 | 0 | |a Αρχιτεκτονική φωτογραφία |
| SUB | |a REL | ||
| SYG | 0 | 0 | |a Architekturphotographie,Architektur,Architekturfotographie , Church,Christliche Kirche,Christliche Kirche,Ekklesia , Rosenberg-Kirche,Notre-Dame-de-l'Assomption,Ste-Trinité,Sainte-Trinité , Neue Synagoge,Ehemalige Synagoge , New York City,New York City, NY,Neu-Amsterdam, NY,Neuyork, NY,Neuamsterdam, NY,Nieuw Amsterdam, NY,New Amsterdam, NY,Big Apple, NY,Niyū Yūrk,Nīw-Jūrq,Njujorq,Nova Iorque,Nowy Jork,Nujorq,Nueva York,N'ju Jork,Niw Eork',Neuyork,Novum Eboracum,Neo Eboraci,Neu York,New York,Nju-Jork,City of New York,Greater City of New York, NY,Greater New York, NY,Niyūyurk,Nyū-Yoku,NYC,Nuyārk,Nuyork |



